| 000 | 00944nam a2200229 a 4500 | ||
|---|---|---|---|
| 003 | MX-MxUPN | ||
| 005 | 20240611103203.0 | ||
| 008 | 991125s1901 mx r 000 0 spa d | ||
| 035 | _aUPN01000013213 | ||
| 040 |
_aMX-MxUPN _bspa _cMX-MxUPN |
||
| 041 | 0 | _aspa | |
| 050 | 1 | 4 |
_aLB1653 M6 _bG34 1901 |
| 100 | 1 |
_aGarcía Cubas, Antonio, _d1832-1912 _930210 |
|
| 245 | 1 | 0 | _aCurso elemental de geografía universal |
| 250 | _aSéptima edición revisada, corregida y aumentada. | ||
| 260 |
_aMéxico : _bAntigua Imprenta de Murguía, _c1901 |
||
| 300 | _aviii, 425 páginas | ||
| 500 | _a"Dispuesto con arreglo á un nuevo método que facilite su enseñanza en los establecimientos de instrucción de la república, y precedido de las nociones indis´pensables de geometría para el estudio de esta ciencia"--portada | ||
| 650 | 4 |
_aGeografía _xEstudio y enseñanza _910181 |
|
| 650 | 4 |
_aGeografía _vLibros de texto _924506 |
|
| 942 |
_2lcc _cLIBRO |
||
| 999 |
_c13213 _d13213 |
||